MDQL
is popping MORE tags! Check the
thread
!
Quizzes
Events
Quiz Creation
Community
Videos
Private Events
Remove Ads
Sign In
Join for FREE
Feedback
Dark Mode
Quiz Categories
Sports
Geography
Music
Movies
Television
Just For Fun
Miscellaneous
History
Literature
Language
Science
Gaming
Entertainment
Religion
Holiday
For Kids
Quiz Lab
Recent
Popular Today
Quiz Kudos Today
Editor Picks
Curator Picks
Quizzes by...
Day
Popularity
Type
Ratings
Length
Year
Community
Subscriptions
Recent Discussions
Orange Saloon
Badges
Playlists
Quests
Create
Leaderboards
Showdown
Live 5
Trivia Bingo
Activity
Puzzle Library
Sporcle Events
Private Events
Virtual Trivia
Globe League
Become a Host
Pub Owners
SporcleCon
Opinionation
Our Games
Videos
Blog
Mobile Apps
Partnerships
Remove Ads and Go Orange
Feedback
Entertainment
Celebrity
Famous
Musical
Broadway
Show
Quote
Comic Books
Anime
Superhero
DC Comics
Marvel
Cartoons
Animation
Entertainment
Celebrity
Famous
Musical
Broadway
Show
Quote
Comic Books
Anime
Superhero
DC Comics
Marvel
Cartoons
Animation
Random Quiz
Search Sporcle
×
Quiz Lab
Quiz Lab
Entertainment
Comic Books
Select answers by clicking on text or image buttons
Select answers by clicking on text or image buttons
Clickable
Best Score? Go Orange.
Archie Comics Name Matchup Stats
Can you match the surnames with the given names of characters from the Archie Comics?
By
caramba
4m
24 Questions
1,745 Plays
1,745 Plays
1,745 Plays
Comments
Comments
Give Quiz Kudos
Give Quiz Kudos
-
- Ratings
hide this ad
Replay
Link that replays current quiz
Next Quiz
Link to next quiz in quiz playlist
You Got
0%
They Got
Avg Score
55%
Avg Friend Score
Upgrade to see
Score Distribution
Jump to the score distribution portion of the page
Score
0/24
Timer
04:00
0
Plays Today
% Correct
Archie
93.3%
Jughead
87.4%
Betty
85.6%
Veronica
82.6%
Cheryl
74.7%
Reggie
68.6%
Geraldine
67.9%
Sabrina
67.1%
Dilton
65.8%
Kevin
59.9%
Waldo
59.5%
Pop
59.3%
% Correct
Moose
57.5%
Chuck
54.4%
Ethel
50.5%
Josie
47.8%
Midge
42.4%
Alex
35.9%
Hubert
33.6%
Melody
32.5%
Valerie
26.9%
Bingo
24.5%
Nancy
23.4%
Cricket
23.2%
Quiz Playlist
Details
Report
Send in Message
Add To Playlist
Clickable:
Select answers by clicking on text or image buttons
Quiz Source
Last Updated: Feb 16, 2017
Quiz Scoreboard
CHALLENGE
Sign Up to Join the Scoreboard
Show All
Scores
Hide
Comments
May contain spoilers
Recently Published
Holiday 10x10 Sorting Gallery
by lukepisani3
Holiday
15m
Two Season TV Shows II
by 123Four
Television
10m
Image Sorting: Flags VI
by Barbecue
Geography
2m
More to Explore
Quiz From the Vault
Featured Blog Post
14 Easter Pick-up Lines to Find Eggs With
hide this ad
You Might Also Like...
Tags
Comic Books Quiz
archie
Archie Comics
Comic Character
Comic Strips
First Names
Last Names
Matching
name
Today's Top Quizzes in Entertainment
Browse Entertainment
hide this ad
Today's Top Quizzes in Comic Books
Browse Comic Books
Top Contributed Quizzes in Entertainment
1
Marvel Classic Character Map
2
Movie-Themed Roller Coasters
3
Dragon Ball Z: Goku's Fights in Order
4
Marvel Characters Bunker
5
Sorting Pictures: Villains
6
Who stole Onew's chicken? (KPOP LOGIC QUIZ)
7
Haikyuu Logic Quiz
8
Celebrity Spelling Bee
9
JoJo's Bizarre Logic Quiz
10
Image Sorting: Anime
Explore More
Trending Topics
Anime
Disney
Marvel
Harry Potter
Crossword
Kpop
NBA
Pokémon
Puzzle
WWE
NFL
Country
Song
The Office
Soccer
hide this ad
More By:
caramba
Quiz
Plays
Rating
Category
Featured
Created
NFL Last Super Bowl Winners
657,249
4.15
Sports
Jun 6, 2010
Europe, Alphabetically
338,089
4.39
Geography
Jun 13, 2010
Blitz: Letter Count States
210,311
4.11
Just For Fun
May 24, 2010
MLB RBI Leaders by Team (2000s)
207,649
4.44
Sports
Nov 2, 2009
European Union Minefield
197,614
4.23
Geography
Nov 7, 2011
Go to Creator's Profile
Score Distribution
Quiz Creator Spotlight
caramba
Follow
Send a Message
Quizzes Created
-
Created Quiz Play Count
-
More By This Creator
Popular Quizzes Today
1
Find the US States - No Outlines Minefield
2
Colored Red Africa Blitz
3
Find the 'City' Movie
4
The Countries of the World
5
Find the US States
6
5x2 Blitz: Bands
7
Find the Countries of Europe - No Outlines Minefield
8
US States
More Entertainment Quizzes
100 DC Characters by First Appearance
Curator's Pick
Trending Quizzes
Colored Red Europe Blitz I
Colored Red Europe Blitz II
Colored Red Africa Blitz II
Colored Red Europe Blitz III
Colored Red Africa Blitz III
Recently Updated
Odd Team Out - Big 4 Players
pecheneg
Quick Pick: 20 Twenties
pecheneg
March Madness Men's Triple Doubles
pecheneg
How Do You Spell That?
pecheneg
Godzilla Movies
pecheneg
Grab Bag: 4-10 Letters
pecheneg
2024 March Madness Bracket
pecheneg
Famous TV Couples
Peacemaker
Champions League XIs: Real Madrid
pecheneg
Largest US Cities 1790-2010
pecheneg
Trending Topics
Crossword
NBA
Anime
Disney
Harry Potter
Marvel
Kpop
Pokémon
Puzzle
Country
NFL
Soccer
WWE
The Office
Song
Your Account Isn't Verified!
In order to create a playlist on Sporcle, you need to verify the email address you used during registration. Go to your
Sporcle Settings
to finish the process.
Report this User
Report this user for behavior that violates our
Community Guidelines
.
Details:
Send Report
Go to the Sporcle.com Mobile Site →
Comments